000 00526 a2200205 4500
005 20260129110551.0
008 260128b |||||||| |||| 00| 0 eng d
020 _a9781394180110
_c$ 99.95
040 _aMAIN
082 _a636.0896
_bW76S(2)
100 _aWismer, Tina, ed.
245 _aSmall animal toxicology essentials
250 _a2nd
260 _bJohn Wiley
_c2025
_aSingapore
300 _axii, 398
650 _aAgriculture
650 _aAnimal Husbandry
650 _aVeterinary Taxicology
942 _cBK
999 _c393778
_d393778